000 00795nam a2200241 i 4500
001 15439
003 ES-MaACL
005 20230906151057.0
007 t|
008 000313s1999 sp ||||1| spa d
020 _a84-493-0721-X
080 _a316.74:001
100 1 _aGoody, Jack.
_959123
245 1 0 _aRepresentaciones y contradicciones
_b: la ambivalencia hacia las imágenes, el teatro, la ficción, las reliquias y la sexualidad /
_cJack Goody.
260 _aBarcelona :
_bPaidós,
_c[1999]
300 _a310 p. ;
_c22 cm.
490 1 _aPaidós básica ;
_v99
650 4 _aSociología del conocimiento.
_917211
650 1 4 _aRepresentación (Filosofía)
_916851
830 0 _aPaidós básica ;
_v99
_9178397
852 _aES-MaACL
_jL-22482
_bR.127938
999 _c15439
_d15439